Смазочные масла: состав, применение, правила техники безопасности; Экология и безопасность в техносфере: современные проблемы и пути решения

Bibliographic Details
Parent link:Экология и безопасность в техносфере: современные проблемы и пути решения.— 2018.— [113-115]
Main Author: Турдумбеков Э. У.
Corporate Author: Национальный исследовательский Томский политехнический университет (ТПУ) Юргинский технологический институт (ЮТИ)
Summary:Заглавие с экрана
Даётся характеристика смазочных масел, их классификация по составу и применению. Описываются требования к смазочным маслам и их основные физико-химические характеристики. Даются рекомендации по выбору смазочных масел.
In this article the characteristic of lubricating oils, their classification on structure and application is given. The requirements for lubricating oils and their basic physical and chemical characteristics are described. Recommendations on the choice of lubricating oils are given.
Language:Russian
Published: 2018
Series:Экологические основы прогрессивных технологий
Subjects:
Online Access:http://earchive.tpu.ru/handle/11683/52096
Format: Electronic Book Chapter
KOHA link:https://koha.lib.tpu.ru/cgi-bin/koha/opac-detail.pl?biblionumber=628684

MARC

LEADER 00000naa2a2200000 4500
001 628684
005 20231101133525.0
035 |a (RuTPU)RU\TPU\conf\28948 
035 |a RU\TPU\conf\28943 
090 |a 628684 
100 |a 20181206d2018 k y0rusy50 ca 
101 0 |a rus  |d eng 
102 |a RU 
105 |a y z 101zy 
135 |a drgn ---uucaa 
181 0 |a i  
182 0 |a b 
200 1 |a Смазочные масла: состав, применение, правила техники безопасности  |f Э. У. Турдумбеков 
203 |a Текст  |c электронный 
225 1 |a Экологические основы прогрессивных технологий 
230 |a 1 компьютерный файл (pdf; 123 Kb) 
300 |a Заглавие с экрана 
320 |a [Библиогр.: с. 115 (6 назв.)] 
330 |a Даётся характеристика смазочных масел, их классификация по составу и применению. Описываются требования к смазочным маслам и их основные физико-химические характеристики. Даются рекомендации по выбору смазочных масел. 
330 |a In this article the characteristic of lubricating oils, their classification on structure and application is given. The requirements for lubricating oils and their basic physical and chemical characteristics are described. Recommendations on the choice of lubricating oils are given. 
463 0 |0 (RuTPU)RU\TPU\conf\28690  |t Экология и безопасность в техносфере: современные проблемы и пути решения  |o сборник трудов Всероссийской научно-практической конференции молодых ученых, аспирантов и студентов, г. Юрга, 22-24 ноября 2018 г.  |f Национальный исследовательский Томский политехнический университет (ТПУ), Юргинский технологический институт (ЮТИ) ; под ред. Д. А. Чинахова  |v [113-115]  |d 2018 
610 1 |a электронный ресурс 
610 1 |a труды учёных ТПУ 
610 1 |a смазочные масла 
610 1 |a применение 
610 1 |a техника безопасности 
610 1 |a физико-химические характеристики 
610 1 |a классификация 
700 1 |a Турдумбеков  |b Э. У. 
712 0 2 |a Национальный исследовательский Томский политехнический университет (ТПУ)  |b Юргинский технологический институт (ЮТИ)  |c (2009- )  |h 349  |2 stltpush  |3 (RuTPU)RU\TPU\col\15903 
801 2 |a RU  |b 63413507  |c 20181210  |g RCR 
856 4 |u http://earchive.tpu.ru/handle/11683/52096 
942 |c BK